000 005700000a22002050004500
003 LK-CoMWRAF
005 20230825214835.0
008 230817t1998 ||||| |||| 00| 0 eng d
020 _a0894108824
040 _aLK-CoMWRAF
_dLK-CoMWRAF
_eLK-CoMWRAF
041 _aeng
082 _a895.73
_bGOL
100 _vJi-moon, Suh
245 _aThe Golden Phoenix :
_bSeven Contemporary Korean short stories
260 _aColorado
_bLynne Rienner Publishers
_c1998
300 _a297p
650 _aShort stories, Korean
650 _aTranslations into English
942 _cBK
999 _c2418
_d2418